Normal view
MARC view
Entry Personal Name
001 - CONTROL NUMBER
- control field: 49976
003 - CONTROL NUMBER IDENTIFIER
- control field: ARRUPE
005 - DATE AND TIME OF LATEST TRANSACTION
- control field: 20201021142110.0
008 - FIXED-LENGTH DATA ELEMENTS
- fixed length control field: 201021|| aca||aabn | a|a d
040 ## - CATALOGING SOURCE
- Original cataloging agency: ARRUPE
- Transcribing agency: ARRUPE
100 ## - HEADING--PERSONAL NAME
- Personal name: Teresa,
- Titles and other words associated with a name: Mother, Saint,
- Dates associated with a name: 1910-1997.
670 ## - SOURCE DATA FOUND
- Source citation: Work cat.: (ARRUPE)0: Egan, Eileen. 49975, Such a vision of the street :, 1985.